A Textbook of Engineering Mechanics (Record no. 33)

MARC details
000 -LEADER
fixed length control field 00358nam a22001577a 4500
020 ## - INTERNATIONAL STANDARD BOOK NUMBER
International Standard Book Number 978-81-318-0409-4
041 ## - LANGUAGE CODE
Language code of text/sound track or separate title ENG
100 ## - MAIN ENTRY--PERSONAL NAME
Personal name Dr. R.K. Bansal
245 ## - TITLE STATEMENT
Title A Textbook of Engineering Mechanics
250 ## - EDITION STATEMENT
Edition statement 6 Edition
260 ## - PUBLICATION, DISTRIBUTION, ETC. (IMPRINT)
Place of publication, distribution, etc New Delhi
Name of publisher, distributor, etc Laxmi Publications
Date of publication, distribution, etc 2019
300 ## - PHYSICAL DESCRIPTION
Extent 807
650 ## - SUBJECT ADDED ENTRY--TOPICAL TERM
Topical term or geographic name as entry element FS
700 ## - ADDED ENTRY--PERSONAL NAME
Personal name Sanjay Bansal
856 ## - ELECTRONIC LOCATION AND ACCESS
Uniform Resource Identifier FS
Holdings
Withdrawn status Lost status Source of classification or shelving scheme Damaged status Not for loan Home library Current library Shelving location Date acquired Cost, normal purchase price Barcode Date last seen Price effective from Koha item type Total Checkouts Date checked out Checked out
    Dewey Decimal Classification     College of Agricultural Engineering and Technology, Dapoli , Library College of Agricultural Engineering and Technology, Dapoli , Library General Stacks 13/10/2020 695.00 007422 13/10/2020 13/10/2020 Books      
    Dewey Decimal Classification     College of Agricultural Engineering and Technology, Dapoli , Library College of Agricultural Engineering and Technology, Dapoli , Library Book Cart 23/09/2022 695.00 008154 18/12/2025 23/09/2022 Books 1 17/12/2025  
    Dewey Decimal Classification     College of Agricultural Engineering and Technology, Dapoli , Library College of Agricultural Engineering and Technology, Dapoli , Library Book Cart 23/09/2022 695.00 008155 23/09/2022 23/09/2022 Books      
    Dewey Decimal Classification     College of Agricultural Engineering and Technology, Dapoli , Library College of Agricultural Engineering and Technology, Dapoli , Library Book Cart 23/09/2022 695.00 008156 31/10/2025 23/09/2022 Books 1 26/09/2025  
    Dewey Decimal Classification     College of Agricultural Engineering and Technology, Dapoli , Library College of Agricultural Engineering and Technology, Dapoli , Library Book Cart 23/09/2022 695.00 008157 07/10/2025 23/09/2022 Books 1 03/10/2025  
    Dewey Decimal Classification     College of Agricultural Engineering and Technology, Dapoli , Library College of Agricultural Engineering and Technology, Dapoli , Library Book Cart 23/09/2022 695.00 008158 06/08/2025 23/09/2022 Books 2 06/08/2025 06/08/2025

Contact Us: College of Agricultural Engineering and Technology, Dapoli, Dist.- Ratnagiri
Website: https://dbskkv.org Email: caetlibrary2015@gmail.com